[Event "3rd Shenzhen Longgong Masters Dute Cup"]
[Site "Shenzhen"]
[Date "2019.04.17"]
[Round "1.1"]
[White "Yu, Yangyi"]
[Black "Giri, Anish"]
[Result "1/2-1/2"]
[WhiteElo "2751"]
[BlackElo "2797"]
[Annotator "TA"]
[PlyCount "61"]
[EventDate "2019.04.17"]
[EventType "tourn"]
[EventCountry "CHN"]
[SourceTitle "playchess.com"]
[Source "ChessBase"]
[SourceQuality "1"]

{[%evp 20,61,0,0,0,0,0,0,0,0,0,0,0,0,2,0,10,0,12,0,0,-17,-18,-54,-10,0,0,-2,0,-21,-17,-31,0,-1,0,0,0,0,0,-8,-8,-6,-8,-6]} 1. d4 Nf6 2. c4 e6 3. g3 d5 4. Bg2 Be7 5. Nf3 O-O 6. O-O dxc4 7. Qc2 a6 8. Qxc4 b5 9. Qc2 Bb7 10. Bd2 Be4 11. Qc1 c6 {E05: Open Catalan: 5 Nf3 Be7} (11... Bb7 12. Rd1 Qc8 13. Ba5 c5 14. dxc5 Bxc5 15. Nbd2 Nbd7 16. Nb3 Ba7 17. Qf4 Nb6 18. Bxb6 Bxb6 19. Rac1 Qe8 20. Ne5 Bxg2 21. Kxg2 {½-½ (75) Ding,L (2813)-Radjabov,T (2757) Wijk aan Zee 2019}) 12. Rd1 Nbd7 13. Nc3 Bg6 14. a3 Rc8 15. b4 Nd5 16. Be1 Qc7 $146 ({Predecessor:} 16... Bf6 17. e3 Qe7 18. Ra2 e5 19. dxe5 Nxe5 20. Nxe5 Qxe5 {1-0 (40) Grigorian,S (2352)-Reuker,J (2325) Germany 2018}) 17. e3 h6 18. Qb2 N5b6 19. Qe2 Nc4 20. e4 Bh5 21. h3 e5 22. d5 c5 23. Rdc1 Rfe8 24. g4 Bg6 25. Nd1 Qd8 26. Nd2 {The position is equal.} Ncb6 27. Nb3 c4 28. Na5 Bg5 29. Bd2 Na4 30. Nc3 {[#] Threatens to win with Nxa4.} Ndb6 31. Be3 {Accuracy: White = 71%, Black = 67%.} 1/2-1/2

[Event "3rd Shenzhen Longgong Masters Dute Cup"]
[Site "Shenzhen"]
[Date "2019.04.17"]
[Round "1.2"]
[White "Ding, Liren"]
[Black "Rapport, Richard"]
[Result "1/2-1/2"]
[WhiteElo "2809"]
[BlackElo "2726"]
[Annotator "TA"]
[PlyCount "133"]
[EventDate "2019.04.17"]
[EventType "tourn"]
[EventCountry "CHN"]
[SourceTitle "playchess.com"]
[Source "ChessBase"]
[SourceQuality "1"]

{[%evp 25,133,16,16,6,28,22,38,41,46,34,46,38,45,45,52,62,113,88,84,85,65,83,74,33,30,36,41,40,54,19,59,16,118,94,86,0,136,127,131,132,132,8,133,133,135,121,120,101,112,112,143,143,143,110,109,35,33,0,0,0,0,0,0,0,0,0,0,0,0,0,0,0,0,0,0,0,0,0,0,0,0,0,0,0,0,0,0,0,0,0,0,0,0,0,0,0,0,0,0,0,0,0,0,0,0,0,0,0,0,0]} 1. d4 Nf6 2. c4 e6 3. g3 Bb4+ 4. Bd2 Qe7 5. Nf3 Nc6 6. Nc3 Bxc3 7. Bxc3 Ne4 8. Rc1 d6 9. d5 Nxc3 10. Rxc3 Nd8 11. Bg2 O-O 12. dxe6 Nxe6 13. O-O Bd7 14. Re1 {E11: Bogo-Indian} Rab8 $146 ({Predecessor:} 14... Bc6 15. e4 a5 16. Re2 Rfd8 17. h4 Qf6 18. Nh2 Nc5 19. Rce3 a4 20. Rd2 Re8 21. Qe2 Rab8 {½-½ (81) Epishin,V (2620)-Khurtsidze,N (2395) Groningen 1996}) 15. e4 b5 16. cxb5 {White is slightly better.} Rxb5 17. b3 {[%cal Bb2b3,Bb3b4][%mdl 32]} a5 18. Bf1 Rc5 19. Rxc5 Nxc5 20. e5 Rb8 (20... Bg4 $14) 21. Qd2 a4 22. b4 Ne6 23. a3 Rb6 24. exd6 Rxd6 25. Qc3 $36 {[%mdl 2048] White is more active.} Qd8 26. Bc4 h6 27. h4 Be8 28. Bxe6 Rd3 (28... fxe6 $11 29. Qc4 Rc6) 29. Qc4 $1 $16 Rxf3 {[#]} 30. Qe4 ({White should try} 30. Bd5 $1 $16 {[%cal Rd5f3]} Rf6 31. Re5) 30... Rd3 ({Don't go for} 30... Rxa3 $2 31. Bc4 $18) (30... Qd2 $11 {keeps the balance.} 31. Re2 Qc1+ 32. Re1 Qd2) 31. Bd5 Rxd5 32. Qxe8+ Qxe8 33. Rxe8+ {[%mdl 4096] Endgame KR-KR} Kh7 {[#]} 34. Ra8 $1 c5 35. Rxa4 cxb4 36. axb4 Rd4 37. Kg2 g5 38. hxg5 hxg5 39. Kf3 Rd2 40. Ke3 (40. Ra8 $16) 40... Rb2 $14 41. Kd4 f5 $1 {The position is equal.} 42. f4 Kg6 43. Kc5 Rc2+ 44. Kd5 {Strongly threatening b5.} Rd2+ 45. Kc6 Rc2+ 46. Kd6 Rd2+ 47. Kc7 {Black must now prevent b5.} Rc2+ 48. Kd6 {Threatens to win with b5.} Rd2+ 49. Kc5 {b5 is the strong threat.} Rc2+ 50. Kd4 {aiming for b5.} Rd2+ 51. Kc3 Rg2 52. b5 Rxg3+ 53. Kc4 {And now b6 would win.} Re3 54. b6 Re8 55. Kc5 gxf4 56. Rxf4 Kg5 57. Rb4 f4 58. b7 Rb8 59. Kc6 f3 60. Kc7 Rxb7+ 61. Kxb7 $11 {KR-KP} f2 62. Rb1 {Rf1 would kill now.} Kf4 63. Kc6 Kf3 64. Kd5 Kg2 65. Ke4 f1=R 66. Rxf1 Kxf1 67. Kd5 {Accuracy: White = 60%, Black = 71%.} 1/2-1/2

[Event "3rd Shenzhen Longgong Masters Dute Cup"]
[Site "Shenzhen"]
[Date "2019.04.17"]
[Round "1.3"]
[White "Jakovenko, Dmitry"]
[Black "Harikrishna, Pentala"]
[Result "1/2-1/2"]
[WhiteElo "2719"]
[BlackElo "2723"]
[Annotator "TA"]
[PlyCount "69"]
[EventDate "2019.04.17"]
[EventType "tourn"]
[EventCountry "CHN"]
[SourceTitle "playchess.com"]
[Source "ChessBase"]
[SourceQuality "1"]

{[%evp 20,69,27,29,35,34,29,29,29,29,29,29,30,29,32,31,32,20,22,20,23,20,34,34,34,34,34,34,43,34,41,41,54,33,44,28,39,34,128,128,129,131,119,91,127,140,124,15,27,27,34,0]} 1. e4 c5 2. Nf3 e6 3. d4 cxd4 4. Nxd4 Nc6 5. Nc3 Qc7 6. Be3 a6 7. Bd3 Nf6 8. O-O Nxd4 9. Bxd4 Bc5 10. Bxc5 Qxc5 11. Na4 Qc7 {B48: Sicilian: Taimanov: 5 Nc3 Qc7 6 Be3 a6 without Be2} 12. c4 d6 13. Nc3 O-O {White has an edge.} 14. Be2 $146 ({Predecessor:} 14. Qd2 Bd7 15. Rae1 Bc6 16. Kh1 Rab8 17. Re3 b5 18. Rg3 g6 19. cxb5 axb5 {½-½ (89) Jones,G (2442)-Vitiugov,N (2519) Belfort 2005}) 14... Rd8 15. Qd4 e5 16. Qe3 Be6 17. b3 Qc5 18. Qd3 Rac8 19. Rac1 Rc6 20. a4 h6 21. Rfd1 Rdc8 22. h3 Qb4 23. Rb1 Qc5 24. Ra1 Qb6 25. Qd2 Qa5 26. Rdb1 Qd8 27. Qd1 Rc5 28. Rb2 b5 ({Better is} 28... R5c6 $14) 29. axb5 $16 axb5 30. Nxb5 Nxe4 31. Bf3 d5 32. Bxe4 $1 dxe4 33. Nd6 (33. Qe1 $16) 33... Rb8 $1 $11 34. Qd2 {b4 is the strong threat.} Rc6 35. Nxe4 {Accuracy: White = 61%, Black = 45%.} 1/2-1/2

[Event "3rd Shenzhen Longgong Masters Dute Cup"]
[Site "Shenzhen"]
[Date "2019.04.18"]
[Round "2.1"]
[White "Rapport, Richard"]
[Black "Jakovenko, Dmitry"]
[Result "1/2-1/2"]
[WhiteElo "2726"]
[BlackElo "2719"]
[Annotator "TA"]
[PlyCount "62"]
[EventDate "2019.04.17"]
[EventType "tourn"]
[EventCountry "CHN"]
[SourceTitle "playchess.com"]
[Source "ChessBase"]
[SourceQuality "1"]

{[%evp 15,62,10,2,16,12,0,11,5,10,8,24,21,22,10,8,7,12,10,15,6,10,0,0,0,0,0,0,0,0,-5,-4,-11,0,0,0,0,0,0,0,0,0,0,0,0,0,0,0,0,0]} 1. d4 Nf6 2. c4 e6 3. Nf3 d5 4. Nc3 Be7 5. g3 O-O 6. Bg2 dxc4 7. Ne5 c5 8. dxc5 Qxd1+ 9. Nxd1 {E06: Closed Catalan: Early deviations} Bxc5 10. Bd2 {[#]} Nc6 $1 {[%mdl 512]} 11. Nxc4 (11. Nxc6 bxc6) 11... Bd7 (11... Nd5 12. Rc1 b6 13. Nce3 Nce7 14. b4 Bxe3 15. Nxe3 Ba6 16. Nxd5 Nxd5 {½-½ (42) Rapport,R (2731)-Anand,V (2773) Wijk aan Zee 2019}) 12. Nc3 Nd4 {Hoping for ...Nc2+.} 13. O-O Bc6 {[#] The position is equal.} 14. Be3 $146 {With the idea Bxc6.} ({Predecessor:} 14. Rfd1 Bxg2 15. Kxg2 Rfc8 16. Rac1 Bb4 17. Ne5 Bxc3 18. Rxc3 Rxc3 19. Bxc3 Nxe2 {½-½ (35) Schoen,A (2516)-Latronico,N (2499) ICCF email 2008}) 14... Bxg2 15. Kxg2 Rfc8 16. Rad1 Nf5 17. Bxc5 Rxc5 18. Nd6 (18. Nd2 {keeps more tension.} Ne7 19. Nde4 Nxe4 20. Nxe4 Rc2 21. Rd7) 18... Nxd6 19. Rxd6 Kf8 20. Rfd1 Ke7 21. R6d4 Rac8 22. g4 h5 23. h3 hxg4 24. hxg4 R8c7 25. f3 Rd7 26. Kf2 Rxd4 27. Rxd4 Nd7 28. Ra4 a5 29. Ne4 Rb5 30. Nc3 Rc5 31. Ne4 Rb5 {Accuracy: White = 68%, Black = 73%.} 1/2-1/2

[Event "3rd Shenzhen Longgong Masters Dute Cup"]
[Site "Shenzhen"]
[Date "2019.04.18"]
[Round "2.2"]
[White "Giri, Anish"]
[Black "Harikrishna, Pentala"]
[Result "1-0"]
[WhiteElo "2797"]
[BlackElo "2723"]
[Annotator "TA"]
[PlyCount "79"]
[EventDate "2019.04.17"]
[EventType "tourn"]
[EventCountry "CHN"]
[SourceTitle "playchess.com"]
[Source "ChessBase"]
[SourceQuality "1"]

{[%evp 15,79,16,24,24,23,21,18,15,0,0,56,60,74,57,43,43,42,43,50,33,52,33,52,43,60,64,83,78,75,70,120,108,163,168,222,214,218,224,206,217,214,214,201,224,192,188,205,192,295,283,288,272,329,325,348,338,472,474,646,639,616,624,599,544,975,468]} 1. e4 e5 2. Nf3 Nc6 3. Bc4 Bc5 4. c3 Nf6 5. d3 O-O 6. O-O d5 7. exd5 Nxd5 8. Re1 Bg4 9. Nbd2 {C54: Giuoco Piano: 4 c3 Nf6, main lines with 5 d4 and 5 d3} Nb6 10. h3 Bh5 11. Bb3 {The position is equal.} (11. b4 {feels hotter.} Be7 12. b5 Na5 13. g4 Bg6 14. Nxe5 Bf6 15. Nxg6 hxg6 16. Bb2) 11... Qxd3 12. Nxe5 Bxd1 ({Black should try} 12... Qf5 $1 $11 13. Nef3 Rae8) 13. Nxd3 $14 Bxb3 14. axb3 Be7 15. b4 {[#] Black must now prevent b5.} a6 $146 ({Predecessor:} 15... Rfe8 16. Nb3 Rad8 {½-½ (39) Van Foreest,J (2614)-Ragger,M (2687) St Petersburg 2018}) 16. Ne4 Nd7 17. Bf4 Rac8 18. Rad1 Rfd8 19. g4 Bf8 20. Kg2 Re8 21. Bg3 f6 22. f4 Re7 23. f5 Rce8 (23... Ree8 $16) 24. Nf4 $18 Nd8 (24... Nde5 {might work better.} 25. Ne6 Rxe6) 25. Rxd7 {[%mdl 64] Remove Defender, Decoy} Rxd7 {[#]} 26. Nxf6+ $1 {[%mdl 576] Discovered Attack} gxf6 27. Rxe8 Kf7 28. Re3 Rd2+ 29. Re2 Rd1 30. Ne6 Nxe6 31. fxe6+ {[%mdl 4096] Endgame KRB-KRB} Ke8 (31... Ke7 $142 32. Bxc7 Bh6) 32. Bxc7 Rd3 33. Bf4 Rd5 34. Kf3 Ke7 35. Re4 Bg7 36. Be3 {White is clearly winning.} f5 37. Bg5+ Bf6 38. Bxf6+ Kxf6 39. g5+ Kxg5 40. Re3 {Accuracy: White = 100%, Black = 32%.} 1-0

[Event "3rd Shenzhen Longgong Masters Dute Cup"]
[Site "Shenzhen"]
[Date "2019.04.18"]
[Round "2.3"]
[White "Yu, Yangyi"]
[Black "Ding, Liren"]
[Result "1/2-1/2"]
[WhiteElo "2751"]
[BlackElo "2809"]
[Annotator "TA"]
[PlyCount "63"]
[EventDate "2019.04.17"]
[EventType "tourn"]
[EventCountry "CHN"]
[SourceTitle "playchess.com"]
[Source "ChessBase"]
[SourceQuality "1"]

{[%evp 18,63,14,14,18,17,20,16,25,24,25,7,37,27,27,34,26,30,31,35,66,62,85,23,39,28,25,8,6,6,36,29,65,24,87,97,141,118,131,87,89,90,90,48,47,0,4,0]} 1. d4 Nf6 2. c4 e6 3. g3 Bb4+ 4. Bd2 Be7 5. Bg2 d5 6. Nf3 O-O 7. O-O c6 8. Qc2 Nbd7 9. Bf4 b6 10. Rd1 Ba6 {E08: Closed Catalan: Main Line: 7 Qc2} 11. cxd5 cxd5 12. Ne5 Nxe5 13. dxe5 Ng4 {White must now prevent ...Bc5.} 14. h3 {[#]} g5 $146 (14... Rc8 {feels hotter.} 15. Qd2 g5 16. hxg4 gxf4 17. gxf4 Rc4) ({Predecessor:} 14... Rc8 15. Nc3 Nxf2 16. Kxf2 Bc5+ 17. Ke1 f6 18. Qa4 fxe5 19. Bxe5 {0-1 (31) Inarkiev,E (2709)-Yu,Y (2729) Doha 2016}) 15. Bxg5 Nxe5 16. Bxe7 Qxe7 17. e4 dxe4 18. Qxe4 Qf6 19. Nc3 $1 Rad8 {[#]} 20. Qa4 ({White should play} 20. Rxd8 $1 $16 Rxd8 21. Qa4) 20... Bd3 $1 $11 21. Qxa7 Nc4 22. Ne4 Bxe4 23. Bxe4 Nxb2 24. Rxd8 Rxd8 25. Rc1 ({But not} 25. Qxb6 $2 Nc4 $19) 25... Qd4 (25... b5 $11 {keeps the balance.}) 26. Qe7 $16 {[#] Strongly threatening Rc7.} Nd3 27. Qg5+ Kf8 28. Qh6+ Ke8 29. Bxd3 $1 Qxd3 30. Qg7 Qf5 $1 31. g4 Qf4 32. Qh8+ {Accuracy: White = 63%, Black = 56%.} 1/2-1/2

[Event "3rd Shenzhen Longgong Masters Dute Cup"]
[Site "Shenzhen"]
[Date "2019.04.19"]
[Round "3.1"]
[White "Jakovenko, Dmitry"]
[Black "Yu, Yangyi"]
[Result "1/2-1/2"]
[WhiteElo "2719"]
[BlackElo "2751"]
[Annotator "TA"]
[PlyCount "60"]
[EventDate "2019.04.17"]
[EventType "tourn"]
[EventCountry "CHN"]
[SourceTitle "playchess.com"]
[Source "ChessBase"]
[SourceQuality "1"]

{[%evp 13,60,31,27,25,33,24,25,18,25,13,37,24,31,22,31,17,25,18,27,8,18,19,20,0,10,0,20,19,31,0,8,9,15,9,10,8,11,14,15,14,14,0,10,0,15,0,18,0,24]} 1. e4 e5 2. Nf3 Nc6 3. Bc4 Nf6 4. d3 Be7 5. O-O O-O ({Predecessor:} 5... d6 6. a4 Na5 7. Ba2 c5 8. Nbd2 O-O 9. Re1 Re8 10. Nf1 h6 11. c3 Bf8 12. h3 {1-0 (65) Floor,D (2225)-Zult,D (2327) Hilversum 2016}) 6. Re1 d6 7. a4 Na5 8. Ba2 {C55: Two Knights: 4 d3, 4 d4 exd4 5 e5 and Max Lange Attack} c5 9. c3 Nc6 10. Nbd2 $146 {[%cal Bb1d2,Bd2f1,Bf1e3][%mdl 32] White has an edge.} (10. Na3 a6 11. Bd2 Rb8 12. Nc2 Be6 13. Bxe6 fxe6 14. b4 b5 15. Qe2 Qd7 {½-½ (54) Duda,J (2707)-Naiditsch,A (2710) Linares 2017}) 10... h6 11. Nf1 Re8 12. h3 Bf8 13. Ne3 Be6 14. Bxe6 Rxe6 15. Nd5 Re8 16. Nxf6+ Qxf6 17. Qb3 b6 18. Qb5 Rec8 19. Nd2 Be7 20. Nc4 Bd8 21. Ne3 Qe6 {The position is equal.} 22. Qc4 Bg5 23. Nd5 Bxc1 24. Rexc1 Ne7 25. Ne3 Qd7 26. Qb5 Qe6 27. Qc4 Qd7 28. Qb5 Qe6 29. Qc4 Qd7 30. Qb5 Qe6 {Accuracy: White = 27%, Black = 77%.} 1/2-1/2

[Event "3rd Shenzhen Longgong Masters Dute Cup"]
[Site "Shenzhen"]
[Date "2019.04.19"]
[Round "3.2"]
[White "Harikrishna, Pentala"]
[Black "Rapport, Richard"]
[Result "1-0"]
[WhiteElo "2723"]
[BlackElo "2726"]
[Annotator "TA"]
[PlyCount "109"]
[EventDate "2019.04.17"]
[EventType "tourn"]
[EventCountry "CHN"]
[SourceTitle "playchess.com"]
[Source "ChessBase"]
[SourceQuality "1"]

{[%evp 10,109,25,13,13,22,25,23,22,12,27,20,7,20,18,0,33,33,31,28,38,6,17,22,18,25,25,14,19,14,27,8,26,16,22,18,18,18,10,16,33,31,29,14,25,14,19,19,25,29,33,31,33,33,33,33,33,33,33,2,35,19,38,16,19,7,11,0,0,0,118,106,219,46,46,46,216,216,850,785,1608,1431,2076,1865,1547,1078,1054,1041,920,957,799,730,1157,1201,29981,29982,29982,29983,29983,29984,29984,29985]} 1. e4 e6 2. d4 d5 3. Nc3 {[%cal Bb1c3,Bc3e2,Be2g3][%mdl 32]} Bb4 4. exd5 exd5 5. Bd3 Ne7 6. Nf3 O-O {C01: French: Exchange Variation} 7. O-O Nbc6 8. Ne2 Bf5 {White has an edge.} 9. Ng3 (9. c3 Bd6 10. Bf4 Re8 11. Bg3 Qd7 12. Bb5 a6 13. Ba4 Bg4 14. Qd3 {1-0 (57) Rapport,R (2707)-Akobian,V (2647) Riadh 2017}) 9... Bg6 $146 ({Predecessor:} 9... Bxd3 10. Qxd3 Bd6 11. Ng5 g6 12. c3 Qd7 13. Bd2 f6 14. Nh3 {½-½ (30) Halvax,G (2433)-Schwabeneder,F (2431) Vienna 2018}) 10. Nh4 Bxd3 11. Qxd3 Qd7 12. h3 Ng6 13. Nhf5 {Nh5 is the strong threat.} Nce7 14. c3 Nxf5 15. Nxf5 Bd6 16. h4 Ne7 17. Nxd6 Qxd6 18. Qf3 c6 19. h5 Rfe8 20. Bg5 h6 21. Bd2 Rad8 22. Rae1 Qd7 23. Bf4 Nf5 24. Qg4 Re7 25. Rxe7 Nxe7 26. Qe2 (26. Qxd7 {keeps more tension.} Rxd7 27. f3 f6 28. Kf2 a5 29. b3) 26... Re8 27. Re1 Kf8 28. Qd3 Nf5 29. Rxe8+ Kxe8 30. g4 Ne7 31. f3 Qe6 32. Kf2 f6 33. b3 Kf7 34. a4 {[%cal Ba2a4,Ba4a5][%mdl 32]} Kg8 (34... f5 $5 {[%cal Rf5g4]}) 35. a5 a6 36. Qd2 (36. Qe3 {looks sharper.} Qd7 37. Bh2 Kf7 38. Qf4 Qd8 39. Qc7) 36... Kf7 37. Bc7 Nc8 38. Qf4 Qe7 39. Bb6 Nxb6 (39... Qd6 $1 $11 {keeps the balance.} 40. Qxd6 Nxd6) 40. axb6 $11 {[%mdl 4096] Endgame KQ-KQ} c5 (40... g5 $16 41. Qf5 Kf8) 41. c4 $2 ({Better is} 41. Qb8 $1 $18) 41... dxc4 $14 42. bxc4 {[%cal Bb3c4,Bc4c5][%mdl 32] Black must now prevent Qc7.} cxd4 $2 (42... Ke8 $1 $14) 43. Qxd4 $18 Qe6 $2 (43... Ke8) 44. Qd8 $1 {[%cal Rd8c7]} f5 45. Qc7+ Kf6 {[#]} 46. gxf5 $1 Qxf5 47. c5 ({Not} 47. Qxb7 Qc5+ 48. Kf1 Qxc4+ 49. Kf2 Qc5+ 50. Kg3 Qg5+ 51. Kf2 Qd2+ 52. Kf1 Qc1+ 53. Ke2 Qc4+ 54. Kd2 Qd4+ 55. Ke1 Qb4+ 56. Kf2 Qd2+ 57. Kg1 Qe3+ 58. Kh2 Qe5+ 59. Kg2 Qe2+ 60. Kh3 Qf1+ 61. Kh4 Qf2+ 62. Kh3 Qf1+ 63. Kh4 Qf2+ 64. Kh3 Qf1+ $11) 47... Qc2+ 48. Kg3 Qd1 49. Qf4+ Ke7 {[#]} 50. Qe5+ $1 ({Weaker is} 50. Qe4+ Kd8 $11) 50... Kf7 {[#]} 51. c6 $1 {[%mdl 512]} bxc6 52. b7 {White mates.} Qg1+ 53. Kh3 Qf1+ 54. Kg4 Qg1+ 55. Qg3 {Accuracy: White = 54%, Black = 46%.} 1-0

[Event "3rd Shenzhen Longgong Masters Dute Cup"]
[Site "Shenzhen"]
[Date "2019.04.19"]
[Round "3.3"]
[White "Ding, Liren"]
[Black "Giri, Anish"]
[Result "1/2-1/2"]
[WhiteElo "2809"]
[BlackElo "2797"]
[Annotator "TA"]
[PlyCount "60"]
[EventDate "2019.04.17"]
[EventType "tourn"]
[EventCountry "CHN"]
[SourceTitle "playchess.com"]
[Source "ChessBase"]
[SourceQuality "1"]

{[%evp 12,60,0,0,0,0,-3,0,27,0,20,0,0,0,0,0,30,-16,-12,-27,-20,-21,-12,-42,-47,-35,-36,-31,-38,-41,-9,-25,-17,-43,-49,-64,-58,-66,-57,-63,-25,-26,-55,-54,-25,-39,-39,-39,-39,-39,-39]} 1. c4 Nf6 2. g3 e6 3. Bg2 d5 4. Nf3 Be7 5. O-O O-O 6. b3 d4 7. e3 c5 {A14: English Opening: 1...e6 with b3 by White} 8. Ne5 $146 ({Predecessor:} 8. exd4 cxd4 9. Re1 Nc6 10. Bb2 Re8 11. d3 Bc5 12. Ne5 Nxe5 13. Rxe5 Qd6 14. Qe1 a5 15. Nd2 Ra7 16. a3 b6 17. h3 Bb7 18. Nf3 Ba8 19. Bc1 {½-½ (38) Almasi,Z (2682)-Navara,D (2733) Germany 2018}) 8... Qc7 9. f4 Nfd7 {The position is equal.} 10. Nf3 Nc6 11. Na3 a6 12. exd4 cxd4 13. d3 b5 {[%cal Bb7b5,Bb5b4][%mdl 32]} 14. Bb2 Qb6 15. Kh1 Bb7 16. Nc2 {[%cal Rf3d4]} Bf6 17. Ba3 b4 18. Bb2 a5 19. g4 g6 20. Nd2 Nc5 21. Ne4 Nxe4 22. dxe4 e5 23. f5 Nb8 24. Ne1 Nd7 25. Nd3 Nc5 26. Nxc5 Qxc5 27. Bc1 g5 28. a4 Kg7 {Black is slightly better.} 29. h4 $1 {[%cal Rh4g5]} h6 ({Much weaker is} 29... gxh4 $6 30. g5 $16) 30. h5 Rfd8 {Accuracy: White = 71%, Black = 65%.} 1/2-1/2

[Event "3rd Shenzhen Longgong Masters Dute Cup"]
[Site "Shenzhen"]
[Date "2019.04.20"]
[Round "4.1"]
[White "Jakovenko, Dmitry"]
[Black "Giri, Anish"]
[Result "1/2-1/2"]
[WhiteElo "2719"]
[BlackElo "2797"]
[Annotator "TA"]
[PlyCount "64"]
[EventDate "2019.04.17"]
[EventType "tourn"]
[EventCountry "CHN"]
[SourceTitle "playchess.com"]
[Source "ChessBase"]
[SourceQuality "1"]

{[%evp 22,64,16,13,12,13,23,0,23,17,28,32,25,4,8,3,22,14,14,14,30,38,35,26,27,12,37,37,37,37,37,37,37,37,37,29,37,0,2,0,0,0,0,0,0]} 1. e4 c5 2. Nf3 e6 3. d4 cxd4 4. Nxd4 Nc6 5. Nc3 Nf6 6. Ndb5 d6 7. Bf4 e5 8. Bg5 a6 9. Na3 b5 10. Nd5 Be7 11. Bxf6 Bxf6 12. c4 b4 {B33: Sicilian: Pelikan and Sveshnikov Variations} 13. Nc2 O-O (13... a5 14. g3 {½-½ (13) Nepomniachtchi,I (2763)-Carlsen,M (2835) St Petersburg 2018}) 14. g3 Be6 15. Bg2 Bxd5 16. cxd5 Nd4 {[#]} 17. O-O $146 ({Predecessor:} 17. Nxd4 exd4 18. Bf1 Qd7 19. Bd3 Qh3 20. Qe2 {1-0 (37) Durarbayli,V (2515)-Roganovic,M (2476) Chennai 2011}) 17... Nxc2 18. Qxc2 Bg5 19. h4 Bh6 20. a3 a5 21. axb4 axb4 22. Bh3 Ra5 23. Qc4 Bd2 24. Rfd1 {[#] Threatens to win with Rxa5.} b3 25. Qxb3 Qb8 26. Qxb8 Rxb8 27. Rxa5 Bxa5 $14 {KRB-KRB} 28. Ra1 Bb4 29. Bd7 Bc5 {The position is equal.} 30. Bc6 Bd4 31. Ra8 Rxa8 32. Bxa8 Bxb2 {Accuracy: White = 51%, Black = 55%.} 1/2-1/2

[Event "3rd Shenzhen Longgong Masters Dute Cup"]
[Site "Shenzhen"]
[Date "2019.04.20"]
[Round "4.2"]
[White "Harikrishna, Pentala"]
[Black "Ding, Liren"]
[Result "1-0"]
[WhiteElo "2723"]
[BlackElo "2809"]
[Annotator "TA"]
[PlyCount "157"]
[EventDate "2019.04.17"]
[EventType "tourn"]
[EventCountry "CHN"]
[SourceTitle "playchess.com"]
[Source "ChessBase"]
[SourceQuality "1"]

{[%evp 15,157,16,22,16,16,16,16,16,16,16,15,14,8,9,12,18,27,15,29,22,32,22,37,16,15,15,15,14,31,0,0,0,0,0,0,0,0,0,0,0,27,27,27,24,24,23,25,27,29,29,84,80,91,56,51,55,54,45,76,76,70,68,78,78,88,88,90,81,87,72,82,79,105,106,106,108,112,88,89,82,82,82,82,82,82,82,100,92,92,98,92,101,106,105,165,160,148,136,175,175,168,157,158,151,186,183,162,170,239,152,164,137,116,99,99,99,132,82,82,82,82,79,172,174,296,296,285,289,398,311,308,293,394,392,372,366,531,325,597,587,583,572,459,432]} 1. e4 e5 2. Nf3 Nc6 3. Bb5 a6 4. Ba4 Nf6 5. O-O Be7 6. Re1 b5 7. Bb3 O-O 8. d3 d6 9. Bd2 {C88: Closed Ruy Lopez: Anti-Marshall Systems} Bg4 10. c3 Na5 (10... d5 11. h3 Bxf3 12. Qxf3 d4 13. Bd5 dxc3 14. bxc3 Qd6 15. Bxc6 Qxc6 16. d4 Rfd8 17. dxe5 {0-1 (27) Wei,Y (2729)-So,W (2780) chess.com INT 2018}) 11. Bc2 {The position is equal.} c5 12. h3 Bh5 13. Bc1 Nc6 14. Nbd2 {[%cal Bb1d2,Bd2f1,Bf1g3,Bg3f5][%mdl 32]} d5 $146 ({Predecessor:} 14... Qc7 15. Nf1 d5 {1-0 (49) De Andrade,I (1857)-Dos Santos,J (1824) Brasilia 2015}) 15. Nf1 dxe4 16. dxe4 Qxd1 17. Bxd1 Rfd8 18. Ng3 Bg6 19. Nh4 Nd7 20. Ngf5 Bf8 21. b3 b4 22. Bb2 c4 23. bxc4 Nc5 24. Bc2 Rd2 25. Rac1 Bxf5 26. Nxf5 Rad8 {White must now prevent ...Nd3.} 27. Kf1 a5 28. Ne3 Nd3 29. Bxd3 $1 Rxb2 30. Re2 Rxe2 31. Bxe2 Rd2 32. cxb4 Bxb4 {[#]} (32... axb4 $11 {remains equal.} 33. Rc2 Rd7) 33. c5 $1 $16 {Hoping for Bb5.} Ba3 34. Rd1 (34. Rb1 {seems wilder.} Bxc5 35. Rc1 Bxe3 36. fxe3 Ne7 37. Rc7) 34... Rxd1+ 35. Bxd1 Bxc5 $14 {[%mdl 4096] Endgame KBN-KBN} 36. Nc4 Bd4 37. Ba4 Nb4 38. a3 Nd3 39. Nxa5 Nc5 40. Bc6 Kf8 41. Nc4 Ke7 42. f3 Kd8 43. Ke2 Kc7 44. Bd5 f6 45. Bg8 h6 46. h4 Nb7 47. a4 Nd6 48. Nd2 Kb6 49. Nb3 Bc3 50. Bd5 Bb4 51. h5 Bc3 52. Kd3 Be1 53. Kc2 Bf2 54. Nc1 f5 (54... Be3 $16) 55. Nd3 Bg3 56. Kb3 fxe4 57. Bxe4 ({Much less strong is} 57. fxe4 $6 Ka5 $16) 57... Ne8 58. Kb4 Nf6 59. a5+ Ka7 60. Bg6 Nd5+ 61. Kb5 Nc7+ (61... Nc3+ {was worth a try.} 62. Kc4 Ne2) 62. Ka4 Nd5 63. Be4 Nf6 64. Nb4 Nxh5 65. Nc6+ Ka8 66. Nxe5+ Kb8 67. Nc6+ Kc7 68. Kb5 Nf6 {[#]} (68... Nf4 $16) 69. Nd4 $1 $18 Ne8 (69... Kb8 $142 70. Nf5 Be5) 70. a6 {Strongly threatening a7.} Nd6+ 71. Kc5 Bf2 72. Kd5 Nc8 73. Nf5 Nb6+ 74. Ke6 Nd7 75. Kf7 g5 (75... Kb6 $142 76. g4 (76. Nxg7 Be3 $18) 76... g5) 76. Nxh6 Kb6 $2 (76... Kb8 {was necessary.} 77. Kg6 Be3) 77. Bb7 {White is clearly winning.} Be3 78. Ke6 Nc5+ 79. Kf5 {Accuracy: White = 88%, Black = 59%.} 1-0